LIBRARY & INFORMATION CENTRE, KCAET, TAVANUR

ONLINE PUBLIC ACCESS CATALOGUE (OPAC)

Fundamentals of entrepreneurship (Record no. 14853)

MARC details
000 -LEADER
fixed length control field 00313nam a22001217a 4500
020 ## - INTERNATIONAL STANDARD BOOK NUMBER
ISBN 9788120328679
082 ## - DEWEY DECIMAL CLASSIFICATION NUMBER
Classification number 338.10973
Item number MOH/FU
100 ## - MAIN ENTRY--AUTHOR NAME
Personal name Mohanty, Sangram Keshari
245 ## - TITLE STATEMENT
Title Fundamentals of entrepreneurship
260 ## - PUBLICATION, DISTRIBUTION, ETC. (IMPRINT)
Place of publication Delhi
Name of publisher PHI Learnign private limited
Year of publication 2017
300 ## - PHYSICAL DESCRIPTION
Number of Pages 187p
942 ## - ADDED ENTRY ELEMENTS (KOHA)
Koha item type Books
Holdings
Withdrawn status Lost status Damaged status Collection code Home library Current library Shelving location Date acquired Source of acquisition Cost, normal purchase price Full call number Accession Number Koha item type
        KAUAET KAUAET General Stacks 30/03/2017 Neoti book Agency 225.00 338.10973 MOH/FU 25271 Books
        KAUAET KAUAET General Stacks 30/03/2017 Neoti book Agency 225.00 338.10973 MOH/FU 25272 Books
free website counter